| Tag |
First Indicator |
Second Indicator |
Subfields |
| LEADER |
00000cam a2200000 a 4500 |
| 001 |
in00000007189 |
| 005 |
20151005050049.0 |
| 008 |
870728s1987 nyua b 10010 eng d |
| 010 |
|
|
|a 87071410
|
| 035 |
|
|
|a (OCoLC)16306535
|
| 035 |
|
|
|9 AAA1664AM
|
| 040 |
|
|
|a TXA
|c TXA
|d VPI
|d TXA
|d UtOrBLW
|
| 049 |
|
|
|a TXAM
|c [A12543508]
|
| 050 |
|
4 |
|a TA357
|b .A675 1987
|
| 111 |
2 |
|
|a ASME Applied Mechanics, Bioengineering, and Fluids Engineering Conference
|d (1987 :
|c Cincinnati, Ohio)
|
| 245 |
1 |
0 |
|a Forum on unsteady flow separation :
|b presented at the 1987 ASME Applied Mechanics, Bioengineering, and Fluids Engineering Conference, Cincinnati, Ohio, June 14-17, 1987 /
|c sponsored by the Fluids Engineering Division, ASME ; edited by K.N. Ghia.
|
| 264 |
|
1 |
|a New York, N.Y. (345 E. 47th St., New York 10017) :
|b American Society of Mechanical Engineers,
|c [1987]
|
| 264 |
|
4 |
|c ©1987
|
| 300 |
|
|
|a vi, 249 pages :
|b illustrations ;
|c 28 cm.
|
| 336 |
|
|
|a text
|b txt
|2 rdacontent
|
| 337 |
|
|
|a unmediated
|b n
|2 rdamedia
|
| 338 |
|
|
|a volume
|b nc
|2 rdacarrier
|
| 490 |
1 |
|
|a FED ;
|v vol. 52
|
| 504 |
|
|
|a Includes bibliographical references.
|
| 650 |
|
0 |
|a Unsteady flow (Aerodynamics)
|x Congresses.
|
| 650 |
|
0 |
|a Fluid dynamics
|v Congresses.
|
| 700 |
1 |
|
|a Ghia, K. N.
|q (Kirti N.)
|
| 710 |
2 |
|
|a American Society of Mechanical Engineers.
|b Fluids Engineering Division.
|
| 830 |
|
0 |
|a FED (Series) ;
|v v.52.
|
| 999 |
|
|
|a MARS
|
| 999 |
f |
f |
|s 7dfe3e17-a660-36d6-8e58-ba35bed3cb26
|i 63d660ed-27ee-31aa-8c34-7360396f4452
|t 0
|
| 952 |
f |
f |
|p ric
|a Texas A&M University
|b Rellis Campus
|c Joint Library Facility
|d Remote Storage
|t 0
|e TA357 .A675 1987
|h Library of Congress classification
|i unmediated -- volume
|m A14812543508
|
| 998 |
f |
f |
|a TA357 .A675 1987
|t 0
|l Remote Storage
|